Rozbor souvětí v 8. postupném ročníku, postup práce a využití pro pravopis /

Hlavní autor: Chytil, František
Jazyk: Čeština
Vydáno: Bystřice pod Hostýnem : [s.n.], [ca 1958]
Témata:
Fyzický popis: Nestr.
Knihy
Uloženo v:
LEADER 00708nam a2200193 a 4500
001 000578744
003 CZ BrMZK
005 20011119101753.0
008 010825s1958 xr f cze d
040 |a BOA001  |b cze  |c BOA001 
100 1 |a Chytil, František  |4 aut 
245 1 0 |a Rozbor souvětí v 8. postupném ročníku, postup práce a využití pro pravopis /  |c František Chytil 
260 |a Bystřice pod Hostýnem :  |b [s.n.],  |c [ca 1958] 
300 |a Nestr. 
500 |a Strojopis 
910 |a BOA001  |b PK-N-0011.001 
964 |a Čeština - souvětí - metodika - školy základní devítileté 
990 |a BK 
996 7 |b 2629972627  |c PK-N-0011.001  |l MZK  |r Sklad / do 1 hodiny  |n 2  |w 000578744  |u 000010  |a 1  |e BOA001  |j MZK50  |s A